[Event "ITA-chT (Women)"]
[Site "Bacoli"]
[Date "2023.04.30"]
[Round "6.4"]
[White "Ciraulo, Silvia"]
[Black "Glover, Sharon"]
[Result "0-1"]
[WhiteElo "1280"]
[BlackElo "1441"]
[PlyCount "72"]
[EventDate "2023.04.25"]
[EventType "team-tourn"]
[EventRounds "7"]
[EventCountry "ITA"]
[SourceTitle "CBM 214 Extra"]
[Source "ChessBase"]
[SourceDate "2023.07.31"]
[SourceVersion "1"]
[SourceVersionDate "2023.07.31"]
[SourceQuality "1"]

1. e4 c5 2. c3 Nf6 3. e5 Nd5 4. d4 cxd4 5. cxd4 e6 6. Nf3 d6 7. a3 Nc6 8. Bd3 Qc7 9. Qe2 Nxd4 10. Nxd4 Qxc1+ 11. Qd1 Qxb2 12. Nb3 Qxe5+ 13. Be2 Nf4 14. g3 Nxe2 15. Qxe2 Qxe2+ 16. Kxe2 b6 17. Nc3 Ba6+ 18. Kd2 d5 19. Rhe1 Bc4 20. Nd4 g6 21. Nc6 Bg7 22. Rac1 0-0 23. Ne5 Bxe5 24. Rxe5 f6 25. Ree1 e5 26. Nd1 Bb3 27. Rc3 Bxd1 28. Rxd1 Rac8 29. Rd3 d4 30. Re1 Rc5 31. Ke2 Rfc8 32. Kf1 Rc3 33. Red1 Kf7 34. Ke1 Ke6 35. a4 Rxd3 36. Rxd3 Kd5 0-1

[Event "ITA-chT (Women)"]
[Site "Bacoli"]
[Date "2023.04.29"]
[Round "4.4"]
[White "Ciraulo, Silvia"]
[Black "Tosi, Lucrezia"]
[Result "0-1"]
[WhiteElo "1280"]
[BlackElo "1547"]
[PlyCount "60"]
[EventDate "2023.04.25"]
[EventType "team-tourn"]
[EventRounds "7"]
[EventCountry "ITA"]
[SourceTitle "CBM 214 Extra"]
[Source "ChessBase"]
[SourceDate "2023.07.31"]
[SourceVersion "1"]
[SourceVersionDate "2023.07.31"]
[SourceQuality "1"]

1. e4 c5 2. c3 d5 3. e5 Nc6 4. d4 Bf5 5. Bd3 Bxd3 6. Qxd3 e6 7. Nf3 Qb6 8. 0-0 Be7 9. Rd1 Rc8 10. Ng5 Bxg5 11. Bxg5 cxd4 12. cxd4 Nb4 13. Qg3 Nc2 14. Bd8 Rxd8 15. Qxg7 Nxa1 16. Qxh8 Ke7 17. Qxh7 Rc8 18. Qh4+ Kf8 19. Nc3 Qxb2 20. Na4 Qc2 21. Rf1 Qxa4 22. Rxa1 Qa3 23. Qg5 Qb2 24. Rf1 Qxa2 25. h4 Qa3 26. h5 Qd3 27. g3 b5 28. Kg2 b4 29. h6 Qe4+ 30. f3 Qh7 0-1